000 00962nam a22002897a 4500
001 BR2018001223
003 BR-BrBNA
005 20230928105254.0
007 ta
008 230509b bl.||||| |||| 00| 0 por d
040 _aBR-BrBNA
_bpor
_cBiblioteca Nacional de Agricultura
041 _a(Por)
072 _aL73
_b5212
_b4110
090 _ 5212 BR2018001223
100 1 _aVespasiano, L.C.
110 1 _aUniversidade Federal de Minas Gerais, Belo Horizonte (Brasil). Escola de Veterinária
_0Tese (Mestre em Ciência Animal)
245 1 _aDinâmica da tristeza parasitária bovina em um sistema intensivo de produção de leite em Minas Gerais
260 3 _aBelo Horizonte, MG (Brasil):
_c2016.
300 _a55 p.
500 _aSummaries (Eng, Por); Bibliography p. 49-54; 7 illus.; 17 tables
650 _aBOVINO
650 _aANAPLASMOSE
650 _aCARRAPATO
650 _aBABESIOSE
909 _a202309
_bLucia
_c55
_dLucia Elande
942 _cBK
999 _c84398
_d84398